000 00590nas a2200217 4500
001 BR8703463
003 BR-BrBNA
005 20231205090659.0
007 ta
008 230509b bl.|||p| |||| 00| 00por d
040 _aBR-BrBNA
_bpor
_cBiblioteca Nacional de Agricultura
041 _a(Pt)
072 _aL74
100 1 _aFreitas, E.C. de
245 1 _aO "stress" causa serios prejuizos ao criador
650 _aBOVINO
650 _aSTRESS
773 0 _tIESACAO (Brazil)
_x
_g(Nov 1985), (no. 26) p. 4
_wBR8703463
909 _a202311
_bLúcia
_c55
_dLúcia Elande
942 _2AGRIS
_n0
_cANA
999 _c120213
_d120213